Modern sociology: introductory readings : selected readings
Saved in:
| Other Authors: | |
|---|---|
| Format: | Book |
| Language: | English |
| Published: |
Harmondsworth :
Penguin,
1970
|
| Series: | Penguin education
|
| Subjects: | |
| Tags: |
Add Tag
No Tags, Be the first to tag this record!
|
MARC
| LEADER | 00000nam a2200000 i 4500 | ||
|---|---|---|---|
| 001 | 1/27433 | ||
| 008 | 950407s1970 eng d | ||
| 020 | |a 0140802215 | ||
| 035 | |l 10022855 | ||
| 040 | |a GR-MY-UA |b gre |e aacr | ||
| 041 | 0 | |a eng | |
| 082 | 0 | |a 301 | |
| 100 | 1 | |a Worsley, Peter. |4 com | |
| 245 | 1 | 0 | |a Modern sociology: introductory readings : |b selected readings |
| 260 | |a Harmondsworth : |b Penguin, |c 1970 | ||
| 300 | |a 511 p; |b illus., geneal. tables; |c 20 cm | ||
| 490 | 1 | |a Penguin education | |
| 504 | |a Includes bibliographies | ||
| 650 | 0 | 0 | |a Sociology. |
| 650 | 0 | 0 | |a Sociology |x Methodology. |
| 650 | 0 | 0 | |a Speeches, addresses, etc. |
| 852 | |a INST |b CHIOS |e 19950407 |h 301 MOD |p 005200006346 |q 005200006346 |t BK |y 0 | ||
| 909 | |a Χ |b 001415 | ||